00592cam a2200157 a 450000100100000000500170001000800410002704000290006808200210009724500780011826000640019630000240026065000650028465000570034970000280040600001402520200929163436.0710510s1971 mau b 001 0 eng  aDO-SdBNPbengcLCdBNPHU a325.260973bI19b14aThe ideology of blackness /cedición e introducción Raymond F. Betts. aLexington, Massachusetts :bD. C. Heath and Company,c1971. ax, 212 p. ;c23 cm. 4aAfroamericanosxEmigración e inmigraciónzEstados Unidos 4aNegrosxEmigración e inmigraciónzEstados Unidos1 aBetts, Raymond F.,eed.